000 00209nam a2200097Ia 4500
008 220204s9999 xx 000 0 und d
082 _a82-3
_bCLA
100 _aClavell, James
245 0 _aKing Rat
942 _cBK
999 _c37894
_d37894